Building regulation and health (Record no. 101371)

MARC details
000 -LEADER
fixed length control field 00681cam a2200241 4500
008 - FIXED-LENGTH DATA ELEMENTS--GENERAL INFORMATION
fixed length control field 000000n1995 000 0 eng u
020 ## - INTERNATIONAL STANDARD BOOK NUMBER
International Standard Book Number 1860810241
035 ## - SYSTEM CONTROL NUMBER
System control number (Sirsi) u112199
050 ## - LIBRARY OF CONGRESS CALL NUMBER
Classification number 697.93
100 ## - MAIN ENTRY--PERSONAL NAME
Personal name Raw, G. J.
-- Editor
100 ## - MAIN ENTRY--PERSONAL NAME
Personal name Hamilton, R.M.
-- Editor
245 ## - TITLE STATEMENT
Title Building regulation and health
260 ## - PUBLICATION, DISTRIBUTION, ETC.
Place of publication, distribution, etc. Watford
Name of publisher, distributor, etc. BRE
Date of publication, distribution, etc. 1995
300 ## - PHYSICAL DESCRIPTION
Extent vi, 95p. ; 29cm.
490 ## - SERIES STATEMENT
Series statement BRE
Volume/sequential designation 289
650 ## - SUBJECT ADDED ENTRY--TOPICAL TERM
Topical term or geographic name entry element HEALTH AND SAFETY
9 (RLIN) 6244
650 ## - SUBJECT ADDED ENTRY--TOPICAL TERM
Topical term or geographic name entry element BUILDING REGULATIONS
9 (RLIN) 6224
650 ## - SUBJECT ADDED ENTRY--TOPICAL TERM
Topical term or geographic name entry element BUILT ENVIRONMENT
650 ## - SUBJECT ADDED ENTRY--TOPICAL TERM
Topical term or geographic name entry element SICK BUILDING SYNDROME
690 ## - LOCAL SUBJECT ADDED ENTRY--TOPICAL TERM (OCLC, RLIN)
Topical term or geographic name as entry element BUILT ENVIRONMENT-BUILDING STANDARDS
710 ## - ADDED ENTRY--CORPORATE NAME
Corporate name or jurisdiction name as entry element Building Research Establishment
942 ## - ADDED ENTRY ELEMENTS (KOHA)
Suppress in OPAC 0
Holdings
Withdrawn status Lost status Source of classification or shelving scheme Damaged status Not for loan Home library Current library Shelving location Date acquired Total Checkouts Full call number Barcode Date last seen Date last checked out Copy number Price effective from Koha item type
    Dewey Decimal Classification     London London Folio 26/04/2001 2 F697.93 RAW 30064057 06/08/2019 08/04/2002 1 06/08/2019 Book